THE INDIAN ADMINISTRATIVE LAW (Record no. 216701)

MARC details
000 -LEADER
fixed length control field 00415nam a22001577a 4500
008 - FIXED-LENGTH DATA ELEMENTS--GENERAL INFORMATION
fixed length control field 260226b |||||||| |||| 00| 0 eng d
020 ## - INTERNATIONAL STANDARD BOOK NUMBER
International Standard Book Number 978-93-5035-396-7
100 ## - MAIN ENTRY--PERSONAL NAME
Personal name KAGZI, M.C.JAIN
245 ## - TITLE STATEMENT
Title THE INDIAN ADMINISTRATIVE LAW
250 ## - EDITION STATEMENT
Edition statement 7TH ED
260 ## - PUBLICATION, DISTRIBUTION, ETC.
Place of publication, distribution, etc. HARYANA, INDIA
Name of publisher, distributor, etc. LEXISNEXIS
Date of publication, distribution, etc. 2014
300 ## - PHYSICAL DESCRIPTION
Extent LXXIV, 564P.
500 ## - GENERAL NOTE
General note INCLUDES SUBJECT INDEX
942 ## - ADDED ENTRY ELEMENTS (KOHA)
Source of classification or shelving scheme Library of Congress Classification
Koha item type Long Loan Book
Holdings
Withdrawn status Lost status Source of classification or shelving scheme Damaged status Not for loan Collection Home library Current library Shelving location Date acquired Inventory number Total checkouts Full call number Barcode Date last seen Copy number Price effective from Koha item type
    Library of Congress Classification     Law Kisii University Library Kisii University Library On Display 02/26/2026 111368   KNS .K34 20142450 A001020 02/26/2026 1 02/26/2026 Long Loan Book
    Library of Congress Classification     Law Kisii University Library Kisii University Library On Display 02/26/2026 111369   KNS .K34 20142450 A001022 02/26/2026 2 02/26/2026 Long Loan Book
    Library of Congress Classification     Law Kisii University Library Kisii University Library On Display 02/26/2026 111370   KNS .K34 20142450 A001024 02/26/2026 3 02/26/2026 Long Loan Book
    Library of Congress Classification     Law Kisii University Library Kisii University Library On Display 02/26/2026 111371   KNS .K34 20142450 A000624 02/26/2026 4 02/26/2026 Long Loan Book